| 000 | 00617nam a2200205 u 4500 | ||
|---|---|---|---|
| 005 | 20240611063713.0 | ||
| 008 | 120905s1999 us r 000 0 spa d | ||
| 020 | _a1560657863 | ||
| 035 | _aUPN01000186429 | ||
| 049 | _aI | ||
| 050 | 4 |
_aSB347 _bB8.2 |
|
| 100 | 1 |
_aBurckhardt, Ann L. _933626 |
|
| 245 | 1 | 0 |
_aCalabazas / _cAnn L. Burckhardt ; tr. Martín Luis Guzmán Ferrer. |
| 260 |
_aMinnesota, E.U.A. : _bBridgestone, _c1999. |
||
| 300 |
_a24 p. : _bil. |
||
| 440 | 0 |
_aPrimeros lectores ciencias. _pAlimentos |
|
| 650 | 4 |
_aCALABAZA - _xCULTIVO _94483 |
|
| 650 | 4 |
_aCiencias naturales _910146 |
|
| 905 | _aInfantil | ||
| 999 |
_c158532 _d158532 |
||